[Event "Paderborn op 16th"]
[Site "Paderborn"]
[Date "2019.12.28"]
[Round "3"]
[White "Bock, Juergen"]
[Black "Orlov, Andrey"]
[Result "0-1"]
[WhiteElo "2242"]
[BlackElo "2506"]
[PlyCount "62"]
[EventDate "2019.12.27"]
[EventType "swiss"]
[EventRounds "7"]
[EventCountry "GER"]
[SourceTitle "CBM 194 Extra"]
[Source "ChessBase"]
[SourceDate "2020.03.31"]
[SourceVersion "1"]
[SourceVersionDate "2020.03.31"]
[SourceQuality "1"]

1. e4 e5 2. Nf3 Nc6 3. Bb5 a6 4. Ba4 d6 5. 0-0 Bd7 6. c3 Nf6 7. Re1 g6 8. d4 b5 9. Bb3 Bg7 10. h3 0-0 11. Nbd2 h6 12. Nf1 Re8 13. Ng3 Rb8 14. a4 Na5 15. Bc2 c5 16. axb5 axb5 17. d5 c4 18. Be3 Ra8 19. Qd2 Kh7 20. Ra3 Nb7 21. Rea1 Rxa3 22. Rxa3 Nc5 23. Qc1 Qc7 24. Nd2 Rb8 25. Qa1 Na4 26. Qa2 Rc8 27. Ne2 h5 28. Kf1 Bh6 29. Bxh6 Kxh6 30. Nxc4 Qxc4 31. b3 Qxe2+ 0-1

[Event "Paderborn op 15th"]
[Site "Paderborn"]
[Date "2018.12.29"]
[Round "5"]
[White "Boehm, Juergen1111"]
[Black "Bock, Juergen"]
[Result "0-1"]
[WhiteElo "2201"]
[BlackElo "2269"]
[PlyCount "49"]
[EventDate "2018.12.27"]
[EventType "swiss"]
[EventRounds "7"]
[EventCountry "GER"]
[SourceTitle "CBM 188 Extra"]
[Source "ChessBase"]
[SourceDate "2019.02.26"]
[SourceVersion "1"]
[SourceVersionDate "2019.02.26"]
[SourceQuality "1"]

1. d4 d5 2. c4 Bf5 3. cxd5 Bxb1 4. Qa4+ c6 5. Rxb1 Qxd5 6. Nf3 Nd7 7. b4 e5 8. dxe5 Nxe5 9. Nxe5 Qxe5 10. Qc2 Nf6 11. e3 a5 12. a3 axb4 13. axb4 Nd5 14. Bd2 Ra1 15. b5 Bb4 16. Bxb4 Nxb4 17. Qb3 Rxb1+ 18. Qxb1 Qc3+ 19. Ke2 0-0 20. Qe1 Qc5 21. Kf3 Re8 22. Be2 Nd5 23. Qd2 Nc3 24. h4 Qf5+ 25. Kg3 0-1

[Event "Staufer op 26th"]
[Site "Schwaebisch Gmuend"]
[Date "2014.01.06"]
[Round "9"]
[White "Bock, Juergen"]
[Black "Namyslo, Holger"]
[Result "1/2-1/2"]
[WhiteElo "2273"]
[BlackElo "2193"]
[PlyCount "61"]
[EventDate "2014.01.02"]
[EventType "swiss"]
[EventRounds "9"]
[EventCountry "GER"]
[SourceTitle "CBM 158 Extra"]
[Source "ChessBase"]
[SourceDate "2014.02.28"]
[SourceVersion "1"]
[SourceVersionDate "2014.02.28"]
[SourceQuality "1"]

1. d4 d5 2. c4 e6 3. Nc3 c6 4. Nf3 dxc4 5. e3 b5 6. a4 Bb4 7. Bd2 a5 8. Rb1 Bxc3 9. bxc3 Ba6 10. Ne5 Nf6 11. Nxc6 Nxc6 12. axb5 Bb7 13. bxc6 Bxc6 14. Bxc4 Bxg2 15. Rg1 Be4 16. Bb5+ Kf8 17. Rb2 Qc7 18. Rg3 h5 19. f3 h4 20. Rg2 h3 21. Rf2 Bc6 22. Qa4 Rb8 23. c4 Bxb5 24. Rxb5 Rxb5 25. Qxb5 Rh5 26. c5 Rg5 27. Bxa5 Qa7 28. e4 Rg1+ 29. Rf1 Rg2 30. Rf2 Rg1+ 31. Rf1 1/2-1/2

[Event "Nettetal op"]
[Site "Nettetal"]
[Date "2010.07.06"]
[Round "4"]
[White "Bock, Juergen"]
[Black "Franco Alonso, Alejandro"]
[Result "0-1"]
[WhiteElo "2261"]
[BlackElo "2472"]
[PlyCount "80"]
[EventDate "2010.07.03"]
[EventType "swiss"]
[EventRounds "9"]
[EventCountry "GER"]
[SourceTitle "CBM 137 Extra"]
[Source "ChessBase"]
[SourceDate "2010.09.01"]
[SourceVersion "1"]
[SourceVersionDate "2010.09.01"]
[SourceQuality "1"]

1. d4 Nf6 2. Bg5 e6 3. e3 b6 4. Nd2 Bb7 5. Ngf3 d6 6. Bd3 h6 7. Bxf6 Qxf6 8. Qe2 g6 9. 0-0-0 Bg7 10. Rhg1 Qe7 11. e4 a6 12. Kb1 Nd7 13. c3 0-0 14. g4 c5 15. h4 b5 16. g5 h5 17. e5 c4 18. Bc2 Rab8 19. Rg3 Rfc8 20. exd6 Qxd6 21. Be4 Bd5 22. Ka1 b4 23. Nb1 a5 24. Ne1 Bxe4 25. Qxe4 Nc5 26. Qe2 Na4 27. Rd2 Qb6 28. Qd1 bxc3 29. bxc3 e5 30. d5 e4 31. Qc1 Rb7 32. Nc2 Rcb8 33. Nca3 Qd6 34. Rg1 Nc5 35. Nxc4 Rxb1+ 36. Qxb1 Rxb1+ 37. Kxb1 Qa6 38. Ne3 Bxc3 39. Rc2 Qb5+ 40. Kc1 Nd3+ 0-1

[Event "Nettetal op"]
[Site "Nettetal"]
[Date "2010.07.05"]
[Round "3"]
[White "Zahn, Richard"]
[Black "Bock, Juergen"]
[Result "0-1"]
[WhiteElo "2080"]
[BlackElo "2261"]
[PlyCount "76"]
[EventDate "2010.07.03"]
[EventType "swiss"]
[EventRounds "9"]
[EventCountry "GER"]
[SourceTitle "CBM 137 Extra"]
[Source "ChessBase"]
[SourceDate "2010.09.01"]
[SourceVersion "1"]
[SourceVersionDate "2010.09.01"]
[SourceQuality "1"]

1. e4 e6 2. Nf3 d5 3. e5 c5 4. b4 cxb4 5. a3 Nc6 6. axb4 Bxb4 7. c3 Be7 8. d4 f6 9. exf6 Nxf6 10. Bd3 Bd7 11. Qe2 0-0 12. 0-0 Bd6 13. Ba3 Qc7 14. Bxd6 Qxd6 15. Ne5 a6 16. Re1 Rfe8 17. Nd2 Na7 18. Qe3 Rac8 19. Qh3 Re7 20. Re3 Nb5 21. Rae1 Nxc3 22. Bxh7+ Nxh7 23. Rxc3 Rxc3 24. Qxc3 Re8 25. Ndf3 Rc8 26. Qd3 Be8 27. h4 a5 28. Ng5 Nf8 29. g4 b5 30. h5 Qb4 31. Nef3 Rc3 32. Qe2 Qc4 33. Qe5 Qc7 34. Qe2 b4 35. Nxe6 Qe7 36. Nfg5 Bd7 37. Qe5 Nxe6 38. Qf5 Qxg5 0-1

[Event "Staufer op 20th"]
[Site "Schwaebisch Gmuend"]
[Date "2008.01.04"]
[Round "5"]
[White "Krivoborodov, Egor"]
[Black "Bock, Juergen"]
[Result "1-0"]
[WhiteElo "2394"]
[BlackElo "2269"]
[PlyCount "87"]
[EventDate "2008.01.02"]
[EventType "swiss"]
[EventRounds "9"]
[EventCountry "GER"]
[SourceTitle "CBM 122 Extra"]
[Source "ChessBase"]
[SourceDate "2008.03.04"]
[SourceVersion "1"]
[SourceVersionDate "2008.03.04"]
[SourceQuality "1"]

1. e4 c6 2. d4 d5 3. e5 c5 4. dxc5 e6 5. a3 Bxc5 6. b4 Be7 7. Bb2 Bd7 8. Bd3 Nc6 9. Nf3 f6 10. 0-0 fxe5 11. b5 Na5 12. Nxe5 Nf6 13. Nd2 0-0 14. Qe2 Bd6 15. Rae1 Re8 16. Ndf3 Rc8 17. Bd4 b6 18. a4 Bb4 19. Rd1 Qc7 20. Ng5 Re7 21. Ng4 Rf8 22. Nxf6+ gxf6 23. Nxh7 Rxh7 24. Bxh7+ Kxh7 25. Qh5+ Kg7 26. Rd3 Rf7 27. Qg5+ Kf8 28. Bxf6 Ke8 29. Rh3 Bf8 30. Qg6 Qf4 31. Rf3 Qh6 32. Qxf7+ Kxf7 33. Bg5+ Ke8 34. Bxh6 Bxh6 35. Re1 Nc4 36. Rf6 Bg7 37. Rexe6+ Bxe6 38. Rxe6+ Kd7 39. Rg6 Be5 40. h4 Na3 41. h5 Nxc2 42. Rg5 Ke6 43. h6 Bf6 44. h7 1-0

[Event "Goch op 17th"]
[Site "Goch"]
[Date "2006.10.14"]
[Round "4"]
[White "Bock, Juergen"]
[Black "Dargel, Manuel"]
[Result "1/2-1/2"]
[WhiteElo "2284"]
[BlackElo "2174"]
[PlyCount "98"]
[EventDate "2006.10.12"]
[EventType "swiss"]
[EventRounds "7"]
[EventCountry "GER"]
[SourceTitle "EXT 2008"]
[Source "ChessBase"]
[SourceDate "2007.11.25"]
[SourceVersion "1"]
[SourceVersionDate "2007.11.25"]
[SourceQuality "1"]

1. Nf3 c5 2. c4 e6 3. g3 Nc6 4. Bg2 d5 5. cxd5 exd5 6. d4 Nf6 7. 0-0 Be7 8. Be3 c4 9. b3 cxb3 10. Qxb3 0-0 11. Bg5 h6 12. Bxf6 Bxf6 13. e3 Na5 14. Qd3 Be6 15. Nc3 Rc8 16. Rfc1 Qd7 17. Qb5 Rxc3 18. Qxa5 Rxc1+ 19. Rxc1 Rc8 20. Rc3 Bd8 21. Qa3 Rxc3 22. Qxc3 Qa4 23. Qb3 Qxb3 24. axb3 Kf8 25. Ne5 Ke7 26. Nd3 Kd6 27. Nf4 b5 28. Nxe6 fxe6 29. Kf1 a5 30. Bf3 e5 31. dxe5+ Kxe5 32. Be2 a4 33. bxa4 bxa4 34. Bd1 a3 35. Bb3 d4 36. Ke2 dxe3 37. Kxe3 Bb6+ 38. Ke2 Kd4 39. f4 Kc3 40. Be6 Kb2 41. Kf3 a2 42. Bxa2 Kxa2 43. g4 Kb3 44. h4 Kc4 45. Ke4 Bf2 46. h5 Bh4 47. Kf5 Kd5 48. g5 hxg5 49. fxg5 Be1 1/2-1/2

[Event "Staufer op 18th"]
[Site "Schwaebisch Gmuend"]
[Date "2006.01.05"]
[Round "7"]
[White "Bock, Juergen"]
[Black "Kupreichik, Viktor D"]
[Result "0-1"]
[WhiteElo "2278"]
[BlackElo "2445"]
[PlyCount "78"]
[EventDate "2006.01.02"]
[EventType "swiss"]
[EventRounds "9"]
[EventCountry "GER"]
[SourceTitle "EXT 2007"]
[Source "ChessBase"]
[SourceDate "2006.11.23"]
[SourceVersion "1"]
[SourceVersionDate "2006.11.23"]
[SourceQuality "1"]

1. d4 d6 2. Nf3 g6 3. g3 Bg7 4. Bg2 Nf6 5. 0-0 0-0 6. c4 Nc6 7. Nc3 e5 8. d5 Ne7 9. e4 Ne8 10. Ne1 f5 11. exf5 gxf5 12. f4 exf4 13. gxf4 Ng6 14. Be3 Nf6 15. Bd4 Bd7 16. Nd3 Rf7 17. Nc1 Bh6 18. Nd3 Bg7 19. Nc1 Qe7 20. Rf3 c5 21. dxc6 Bxc6 22. Re3 Qd7 23. Bxf6 Bxf6 24. Nd5 Bxb2 25. Rb1 Bg7 26. Ne2 Re8 27. Qd2 Rff8 28. Ng3 b6 29. Rbe1 Rxe3 30. Rxe3 Kh8 31. Re2 Qd8 32. Re6 Bxd5 33. Bxd5 Qh4 34. Rxd6 Nxf4 35. Rd7 Be5 36. Rxa7 Nh3+ 37. Kg2 f4 38. Qe1 Bf6 39. Be4 Ng5 0-1

[Event "Duesseldorf Post op 21st"]
[Site "Duesseldorf"]
[Date "2005.12.29"]
[Round "5"]
[White "Berelowitsch, Alexander"]
[Black "Bock, Juergen"]
[Result "1-0"]
[WhiteElo "2571"]
[BlackElo "2260"]
[PlyCount "57"]
[EventDate "2005.12.26"]
[EventType "swiss"]
[EventRounds "7"]
[EventCountry "GER"]
[SourceTitle "CBM 110 Extra"]
[Source "ChessBase"]
[SourceDate "2006.03.10"]
[SourceVersion "2"]
[SourceVersionDate "2006.03.10"]
[SourceQuality "1"]

1. e4 e6 2. d4 d5 3. Nc3 Nf6 4. Bg5 Bb4 5. e5 h6 6. Bd2 Bxc3 7. bxc3 Ne4 8. Qg4 Kf8 9. Bd3 Nxd2 10. Kxd2 c5 11. h4 Nc6 12. Rh3 c4 13. Bf1 b5 14. Ne2 a5 15. a3 Rb8 16. Rf3 Rg8 17. Nf4 Qd7 18. Nh5 b4 19. axb4 axb4 20. cxb4 Rxb4 21. Rf4 Qb7 22. Qf3 Ke8 23. Qg3 Ne7 24. Rg4 Nf5 25. Qa3 Ne7 26. Qa7 Rb2 27. Qxb7 Bxb7 28. Kc3 Rb6 29. Rxg7 1-0

[Event "Goch op 16th"]
[Site "Goch"]
[Date "2005.10.02"]
[Round "5"]
[White "Bock, Juergen"]
[Black "Buecker, Stefan"]
[Result "1-0"]
[WhiteElo "2260"]
[BlackElo "2349"]
[PlyCount "69"]
[EventDate "2005.09.30"]
[EventType "swiss"]
[EventRounds "7"]
[EventCountry "GER"]
[SourceTitle "EXT 2007"]
[Source "ChessBase"]
[SourceDate "2006.11.23"]
[SourceVersion "1"]
[SourceVersionDate "2006.11.23"]
[SourceQuality "1"]

1. Nf3 f5 2. g3 Nf6 3. Bg2 d6 4. d4 g6 5. 0-0 Bg7 6. c4 0-0 7. Nc3 c6 8. d5 Qb6 9. Rb1 Bd7 10. b3 Na6 11. Bb2 Nc5 12. Nd4 Rad8 13. Ba1 a5 14. Na4 Qc7 15. dxc6 bxc6 16. Nxc5 dxc5 17. Nf3 Nh5 18. Bxg7 Nxg7 19. Qc2 e5 20. Qc3 Rde8 21. Rbd1 Bc8 22. Qb2 h6 23. Qa3 e4 24. Ne1 f4 25. Qxc5 Nf5 26. gxf4 Qxf4 27. Qxc6 Re6 28. Qd5 Ne7 29. Qxa5 Re5 30. Qc7 Rff5 31. Rd8+ Kf7 32. Rxc8 Rh5 33. h3 Qf5 34. Rh8 Rc5 35. Rh7+ 1-0

[Event "Staufer op 17th"]
[Site "Schwaebisch Gmuend"]
[Date "2005.01.05"]
[Round "7"]
[White "Bock, Juergen"]
[Black "Fleischer, Frank"]
[Result "1/2-1/2"]
[WhiteElo "2244"]
[BlackElo "2144"]
[PlyCount "66"]
[EventDate "2005.01.??"]
[EventType "swiss"]
[EventRounds "9"]
[EventCountry "GER"]
[SourceTitle "EXT 2008"]
[Source "ChessBase"]
[SourceDate "2007.11.25"]
[SourceVersion "1"]
[SourceVersionDate "2007.11.25"]
[SourceQuality "1"]

1. Nf3 e6 2. c4 f5 3. d4 Nf6 4. Nc3 c6 5. Bf4 d6 6. e3 Be7 7. Bd3 0-0 8. 0-0 Bd7 9. Qc2 Be8 10. Ng5 Qd7 11. d5 cxd5 12. cxd5 Nxd5 13. Nxd5 exd5 14. Nf3 Nc6 15. Bg5 Bh5 16. Bxe7 Qxe7 17. Nd4 Nxd4 18. exd4 Qg5 19. f4 Qf6 20. Qf2 Rac8 21. Rfe1 Rfe8 22. Rac1 Rxe1+ 23. Rxe1 Be8 24. g3 a6 25. Qe3 Bd7 26. Kg2 Re8 27. Qf2 Rxe1 28. Qxe1 Qxd4 29. Qe7 Qxd3 30. Qd8+ Kf7 31. Qxd7+ Kf8 32. Qxd6+ Kf7 33. Qd7+ Kf6 1/2-1/2

[Event "EU-ch Internet qual"]
[Site "Playchess.com INT"]
[Date "2003.11.08"]
[Round "8"]
[White "Bock, Juergen"]
[Black "Kukula, Pawel"]
[Result "1-0"]
[WhiteElo "2225"]
[BlackElo "2192"]
[PlyCount "93"]
[EventDate "2003.11.08"]
[EventType "swiss (blitz)"]
[EventRounds "15"]
[EventCountry "GER"]
[SourceTitle "EXT 2004"]
[Source "ChessBase"]
[SourceDate "2003.11.25"]
[SourceVersion "1"]
[SourceVersionDate "2003.11.25"]
[SourceQuality "1"]

1. Nf3 Nf6 2. g3 g6 3. b3 Bg7 4. Bb2 d6 5. d4 0-0 6. Bg2 Nfd7 7. 0-0 Nc6 8. Qd2 e5 9. dxe5 Ncxe5 10. c4 Qe7 11. Nc3 Nxf3+ 12. Bxf3 c6 13. Rad1 Be5 14. Bg2 Nb6 15. f4 Bg7 16. Ne4 d5 17. Bxg7 Kxg7 18. Qb2+ f6 19. Nd2 Be6 20. c5 Nd7 21. b4 a6 22. e4 dxe4 23. Nxe4 Bd5 24. Rfe1 Bxe4 25. Rxe4 Qf7 26. Red4 Rad8 27. Bh3 Nxc5 28. Rxd8 Rxd8 29. Rxd8 Ne6 30. Rd6 Nf8 31. Qd4 Qe7 32. Kf2 a5 33. a3 axb4 34. axb4 Qf7 35. Bf1 Qa2+ 36. Be2 Qf7 37. g4 h6 38. h4 Qe7 39. g5 hxg5 40. hxg5 Kg8 41. Qxf6 Qe4 42. Rd8 Qxb4 43. Bc4+ Kh7 44. Qf7+ Kh8 45. Rxf8+ Qxf8 46. Qxf8+ Kh7 47. Qg8# 1-0

[Event "Kleve op"]
[Site "Kleve"]
[Date "2002.05.09"]
[Round "1"]
[White "Bock, Juergen"]
[Black "Hermsen, Frederik"]
[Result "1-0"]
[WhiteElo "2223"]
[BlackElo "1421"]
[PlyCount "87"]
[EventDate "2002.05.09"]
[EventType "swiss"]
[EventRounds "7"]
[EventCountry "GER"]
[SourceTitle "EXT 2008"]
[Source "ChessBase"]
[SourceDate "2007.11.25"]
[SourceVersion "1"]
[SourceVersionDate "2007.11.25"]
[SourceQuality "1"]

1. Nf3 d5 2. g3 Nc6 3. d4 e6 4. Bg2 b6 5. 0-0 Bb7 6. c4 Nf6 7. Qa4 Bd6 8. Ne5 Bxe5 9. dxe5 Ne4 10. cxd5 Nc5 11. Qg4 Nxe5 12. Qxg7 Ng6 13. b4 Bxd5 14. bxc5 Bxg2 15. Kxg2 Qd5+ 16. Kg1 0-0-0 17. Nc3 Qxc5 18. Be3 Qc6 19. Rfc1 Nh4 20. f3 Nxf3+ 21. exf3 Qxf3 22. Bf2 Rhg8 23. Qe5 Rd2 24. Qe3 Qxe3 25. Bxe3 Rd3 26. Bf2 h5 27. Nb5 a6 28. Rxc7+ Kb8 29. Rxf7 axb5 30. Rb1 Rd5 31. Bxb6 Re8 32. Bf2 e5 33. a4 e4 34. Rxb5+ Rxb5 35. axb5 Re5 36. b6 Rb5 37. Be3 Rb1+ 38. Kg2 Rb3 39. Bf4+ Kc8 40. b7+ Rxb7 41. Rxb7 Kxb7 42. Kf2 Kc6 43. Ke3 Kd5 44. Bb8 1-0

[Event "Goch op 12th"]
[Site "Goch"]
[Date "2001.10.21"]
[Round "6"]
[White "Bock, Juergen"]
[Black "Kuenitz, Klaus"]
[Result "1-0"]
[WhiteElo "2227"]
[BlackElo "2056"]
[PlyCount "27"]
[EventDate "2001.10.18"]
[EventType "swiss"]
[EventRounds "7"]
[EventCountry "GER"]
[SourceTitle "EXT 2004"]
[Source "ChessBase"]
[SourceDate "2003.11.25"]
[SourceVersion "1"]
[SourceVersionDate "2003.11.25"]
[SourceQuality "1"]

1. d4 Nf6 2. c4 d5 3. Nc3 c6 4. cxd5 cxd5 5. Bf4 Qb6 6. e3 Qxb2 7. Rc1 e6 8. Bd3 Bb4 9. Nge2 0-0 10. 0-0 Bxc3 11. Nxc3 a6 12. Bd6 Re8 13. Bc5 Nbd7 14. Rc2 1-0